LEADER 02194nas 2200733-a 450 001 996197829403316 005 20220405213023.0 035 $a(DE-599)ZDB2627673-2 035 $a(OCoLC)746359846 035 $a(CKB)2670000000108336 035 $a(CONSER)--2012256059 035 $a(EXLCZ)992670000000108336 100 $a20110811a20119999 --- a 101 0 $aeng 135 $aur||||||||||| 181 $ctxt$2rdacontent 182 $cc$2rdamedia 183 $acr$2rdacarrier 200 00$aInfection ecology & epidemiology 210 $aStockholm $cCo-Action Pub 210 31$aPhiladelphia, PA :$cTaylor & Francis 300 $aRefereed/Peer-reviewed 300 $aPublished in cooperation with The Infection Ecology and Epidemiology Network (IEE) and also shares an affiliation with One Health Sweden. 311 $a2000-8686 517 3 $aInfection ecology and epidemiology 531 $aINFECT ECOL EPIDEMIOL 531 0 $aInfect. ecol. epidemiol. 606 $aVirology$vPeriodicals 606 $aBacteriology$vPeriodicals 606 $aEpidemiology$vPeriodicals 606 $aCommunicable Diseases$2ebps 606 $aInfection Control$2ebps 606 $aEpidemiology$2ebps 606 $aBacteriology$2fast$3(OCoLC)fst00825257 606 $aEpidemiology$2fast$3(OCoLC)fst00914091 606 $aVirology$2fast$3(OCoLC)fst01167670 606 $aEpidemiology 606 $aBacteriology 606 $aEcology 606 $aVirology 608 $aFulltext. 608 $aInternet Resources. 608 $aPeriodicals. 608 $aPeriodicals.$2fast 608 $aPeriodical. 610 $aAnimal Behavior 615 0$aVirology 615 0$aBacteriology 615 0$aEpidemiology 615 7$aCommunicable Diseases. 615 7$aInfection Control. 615 7$aEpidemiology. 615 7$aBacteriology. 615 7$aEpidemiology. 615 7$aVirology. 615 12$aEpidemiology. 615 22$aBacteriology. 615 22$aEcology. 615 22$aVirology. 676 $a579.2 906 $aJOURNAL 912 $a996197829403316 996 $aInfection ecology & epidemiology$92278697 997 $aUNISA LEADER 01374nam 2200397Ka 450 001 9910697202303321 005 20080805143948.0 035 $a(CKB)5470000002386904 035 $a(OCoLC)238430216 035 $a(EXLCZ)995470000002386904 100 $a20080805d2004 ua 0 101 0 $aeng 181 $ctxt$2rdacontent 182 $cc$2rdamedia 183 $acr$2rdacarrier 200 00$aAlternative air conditioning technologies$b[electronic resource] $eunderfloor air distribution (UFAD) 210 1$aWashington, D.C. :$cU.S. Dept. of Energy, Office of Energy Efficiency and Renewable Energy,$d[2004] 215 $a8 pages $cdigital, PDF file 225 1 $aTechnology focus 300 $aTitle from title screen (viewed on Aug. 1, 2008). 300 $a"March 2004." 517 $aAlternative air conditioning technologies 606 $aAir flow 606 $aOffice buildings$xAir conditioning 606 $aHeating 615 0$aAir flow. 615 0$aOffice buildings$xAir conditioning. 615 0$aHeating. 712 02$aUnited States.$bDepartment of Energy.$bOffice of Energy Efficiency and Renewable Energy. 712 02$aFederal Energy Management Program (U.S.) 801 0$bGPO 801 1$bGPO 906 $aBOOK 912 $a9910697202303321 996 $aAlternative air conditioning technologies$93511163 997 $aUNINA LEADER 02033nam0 2200421 i 450 001 VAN00132858 005 20240806100837.888 017 70$2N$a9783319037929 100 $a20210329d2014 |0itac50 ba 101 $aeng 102 $aCH 105 $a|||| ||||| 200 1 $aAdvanced Interferometers and the Search for Gravitational Waves$eLectures from the First VESF School on Advanced Detectors for Gravitational Waves$fMassimo Bassan editor 210 $aCham$cSpringer$d2014 215 $axii, 387 p.$cill.$d24 cm 410 1$1001VAN00035376$12001 $aAstrophysics and space science library$1210 $aDordrecht$cKluwer$1300 $aLuogo ed editore variano in: Berlin : Springer$v404 500 1$3VAN00134837$aAdvanced Interferometers and the Search for Gravitational Waves$91770403 606 $a00B25$xProceedings of conferences of miscellaneous specific interest [MSC 2020]$3VANC020732$2MF 606 $a83-XX$xRelativity and gravitational theory [MSC 2020]$3VANC023243$2MF 606 $a85-XX$xAstronomy and Astrophysics [MSC 2020]$3VANC023246$2MF 610 $aAdvanced Detectors$9KW:K 610 $aAdvanced LIGO$9KW:K 610 $aGravitational Waves$9KW:K 610 $aGravity Waves DetectionI$9KW:K 610 $aInterferometer$9KW:K 610 $aKAGRA$9KW:K 610 $aLIGO$9KW:K 620 $aCH$dCham$3VANL001889 702 1$aBassan$bMassimo$3VANV106700 712 $aSpringer $3VANV108073$4650 801 $aIT$bSOL$c20250606$gRICA 856 4 $uhttp://doi.org/10.1007/978-3-319-03792-9$zE-book ? Accesso al full-text attraverso riconoscimento IP di Ateneo, proxy e/o Shibboleth 899 $aBIBLIOTECA DEL DIPARTIMENTO DI MATEMATICA E FISICA$1IT-CE0120$2VAN08 912 $fN 912 $aVAN00132858 950 $aBIBLIOTECA DEL DIPARTIMENTO DI MATEMATICA E FISICA$d08DLOAD e-book 2036 $e08eMF2036 20210329 996 $aAdvanced Interferometers and the Search for Gravitational Waves$91770403 997 $aUNICAMPANIA